| 000 | 01733nam a2200469 i 4500 | ||
|---|---|---|---|
| 001 | 3619 | ||
| 003 | KOSZ 005 | ||
| 005 | 20200527121634.0 | ||
| 008 | 971113s1987 pl a f f |000 0 pol | ||
| 015 | _aPB 1988/2347 | ||
| 040 |
_aWA N _cWA N _dKOSZ 005/HR |
||
| 046 | _k1979 | ||
| 080 | _a624.014.2 | ||
| 080 | _a621.791/.795 | ||
| 080 | _a(075.8) | ||
| 100 | 1 |
_aJakubiec, Marian _eAutor |
|
| 245 | 1 | 0 |
_aSpawanie konstrukcji stalowych : _bskrypt przeznaczony jest dla studentów kierunku Mechanika jako podstawowa pomoc dydaktyczna do przedmiotu Spawalnictwo / _cMarian Jakubiec, Krzysztof J. Lesiński, Henryk Czajkowski ; Politechnika Gdańska. |
| 250 | _a[Wyd. 2]. | ||
| 260 |
_aGdańsk : _bWydaw. PG, _c1987. |
||
| 300 |
_a258 s., [1] k. tabl. : _brys., wykr. ; _c24 cm. |
||
| 336 |
_2rdacontent _aTekst _btxt |
||
| 337 |
_2rdamedia _aBez urządenia pośredniczącego _bn |
||
| 338 |
_2rdacarrier _aWolumin _bnc |
||
| 380 | _aKsiążki | ||
| 380 | _aPublikacje dydaktyczne | ||
| 385 |
_mPoziom nauczania _aSzkoły wyższe |
||
| 388 | _a1901-2000 | ||
| 388 | _a1945-1989 | ||
| 504 | _aBibliogr. s. 257-258. | ||
| 650 | 4 | _aKonstrukcje stalowe | |
| 650 | 4 | _aTechnologia | |
| 650 | 4 | _aSpawanie | |
| 650 | 4 | _aZłącza spawane | |
| 655 | 4 | _aPodręczniki akademickie | |
| 658 | _aArchitektura i budownictwo | ||
| 658 | _aInżynieria i technika | ||
| 700 | 1 |
_aCzajkowski, Henryk _d(1932-1998) _eAutor |
|
| 700 | 1 |
_aLesiński, Krzysztof Janusz _d(1935- ) _eAutor |
|
| 710 |
_aWydawnictwo Politechniki Gdańskiej _4pbl |
||
| 856 |
_uhttp://koha.tu.koszalin.pl/cgi-bin/koha/opac-detail.pl?biblionumber=3619 _yKatalog online BPK |
||
| 942 |
_2UKD _cKS |
||
| 999 |
_c3619 _d3619 |
||